|
|
|
|
| LEADER |
00887nam a22002412a 4500 |
| 001 |
000401455 |
| 003 |
CZ BrMZK |
| 005 |
20071205201230.0 |
| 007 |
ta |
| 008 |
980105s1928 xr f cze d |
| 015 |
|
|
|a cnb000539236
|
| 035 |
|
|
|a (OCoLC)13031103
|
| 040 |
|
|
|a ABA001
|b cze
|c ULG001
|d ABA001
|
| 100 |
1 |
|
|a Chaloupecký, Václav,
|d 1882-1951
|7 jk01050028
|4 aut
|
| 245 |
1 |
0 |
|a Martinská deklarace a její politické osudy /
|c napsal Václav Chaloupecký ...
|
| 260 |
|
|
|a V Praze :
|b Václav Chaloupecký,
|c 1928
|
| 300 |
|
|
|a 23 s. ;
|c 8°
|
| 500 |
|
|
|a Zvláštní otisk z Českého Časopisu Historického 1928
|
| 910 |
|
|
|a BOA001
|b 2-0100.241
|
| 990 |
|
|
|a BK
|
| 991 |
|
|
|b 200712
|
| 996 |
7 |
|
|b 2619747121
|c 2-0100.241
|l MZK
|r Sklad / do 24 hodin
|n 4
|w 000401455
|u 000020
|a 1
|e BOA001
|j MZK50
|s A
|
| 996 |
7 |
|
|b 2619803703
|c 2-0100.241
|l MZK
|r Sklad / do 24 hodin
|n 3
|w 000401455
|u 000010
|a 1
|e BOA001
|j MZK50
|s A
|